{"text_format":"3","workbook":"xls","n_sheets":2,"sheets":["巨野分公司5.8","巨野分公司5.9"],"read":"whole","date_system":"1900","formulas":"cached_only"}

{"sheet":"巨野分公司5.8","index":0,"n_rows":57,"n_cols":12,"rows_kept":57,"merged":[[1,0,1,11],[2,0,2,11],[3,0,3,11]],"flags":["formulas_cached_only"]}
[]
["五金收料统计日报表"]
["日期： 2019  年 05月 8日                             填表人： 杨振华"]
["单位：江苏大力神管桩有限公司巨野分公司"]
["入库单号","品名","规格","数量","单位","单价","金额","供应商名称","联系方式","采购员","检验员","备注"]
["WIN008543","入釜单","联单",200,"本",2.4,480,"巨野县云波打字社",null,"张传朋","甘星允"]
["WIN008544","轴承",1313,2,"个",74,148,"巨野县泗春五金机电门市部",13561346099,"张传朋","甘星允"]
[null,"轴承",1311,2,"个",57,114,"巨野县泗春五金机电门市部",13561346099,"张传朋","甘星允"]
[null,"轴承",6405,2,"个",20,40,"巨野县泗春五金机电门市部",13561346099,"张传朋","甘星允"]
["WIN008545","密封胶",588,25,"个",6,150,"巨野县泗春五金机电门市部",13561346099,"张传朋","甘星允"]
[null,"平键",32,4,"根",32,128,"巨野县泗春五金机电门市部",13561346099,"张传朋","甘星允"]
[null,"万向轮",null,2,"个",25,50,"巨野县泗春五金机电门市部",13561346099,"张传朋","甘星允"]
["WIN008546","电机端盖",null,1,"个",45,45,"巨野县勋艳电器维修中心",13561346067,"张传朋","甘星允"]
["WIN008547","胶",801,6,"袋",15,90,"巨野县亚美涂料",null,"张传朋","甘星允"]
["WIN008548","快速接头","12--3",50,"个",3,150,"巨野县润润五金门市部",15764010540,"张传朋","甘星允"]
[null,"502胶",null,2,"个",3,6,"巨野县润润五金门市部",15764010540,"张传朋","甘星允"]
["WIN008549","氧气",null,9,"瓶",30,270,"巨野县巨泰气体二站",18765016777,"张传朋","甘星允"]
[null,"乙炔",null,6,"瓶",65,390,"巨野县巨泰气体二站",18765016777,"张传朋","甘星允"]
[{"$nulls":6},0]
[{"$nulls":6},0]
[{"$nulls":6},0]
[{"$nulls":6},0]
[{"$nulls":6},0]
[{"$nulls":6},0]
[{"$nulls":6},0]
[{"$nulls":6},0]
[{"$nulls":6},0]
[{"$nulls":6},0]
[{"$nulls":6},0]
[{"$nulls":6},0]
[{"$nulls":6},0]
[{"$nulls":6},0]
[{"$nulls":6},0]
[{"$nulls":6},0]
[{"$nulls":6},0]
[{"$nulls":6},0]
[{"$nulls":6},0]
[{"$nulls":6},0]
[{"$nulls":6},0]
[{"$nulls":6},0]
[{"$nulls":6},0]
[{"$nulls":6},0]
[{"$nulls":6},0]
[{"$nulls":6},0]
[{"$nulls":6},0]
[{"$nulls":6},0]
[{"$nulls":6},0]
[{"$nulls":6},0]
[{"$nulls":6},0]
[{"$nulls":6},0]
[{"$nulls":6},0]
[{"$nulls":6},0]
[{"$nulls":6},0]
[{"$nulls":6},0]
[{"$nulls":6},0]
[{"$nulls":6},0]
[{"$nulls":6},0]

{"sheet":"巨野分公司5.9","index":1,"n_rows":20,"n_cols":13,"rows_kept":20,"merged":[[0,2,0,11],[1,2,1,11],[2,2,2,11],[12,2,12,11],[13,2,13,11],[14,2,14,11]],"flags":["formulas_cached_only"]}
[null,null,"五金收料统计日报表"]
[null,null,"日期： 2019    年    5  月  9  日                             填表人： 梅瑞雪"]
[null,null,"单位：大力神管桩有限公司"]
[null,"入库单号","品名","规格","数量","单位","单价","金额","供应商名称","联系方式","采购员","检验员","备注"]
[null,"WIN0050431","草绳",null,711750,"米",0.033,23487.75,"鱼台县鼎信农产品有限公司",null,"戴春举","梅瑞雪","365捆*5卷/捆*390米/卷"]
[null,"WIN0050433","纯净水",null,4,"件",25,100,"现金供应商（夏家百货批发）",13952195937,"戴春举","李元","怡宝，24瓶/箱，555ml/瓶"]
[null,"WIN0050434","螺丝","M24*80",100,"个",3.05,305,"现金供应商（邳州市中兴物资经销处）",null,"戴春举","梅瑞雪","8.8级半丝，大力牌"]
[null,null,"弹簧垫","24",200,"个",0.2,40,null,null,"戴春举","梅瑞雪","8.8级HENGDA"]
[null,"WIN0050435","轴承","UC211",20,"个",24,480,"现金（邳州滚动轴承经销部）",null,"戴春举","吕臣辉","美德尔"]
[null,null,"轴承底座","F211",10,"个",20,200,null,null,"戴春举","吕臣辉"]
[null,"WIN0050436","截止阀","100",10,"个",86,860,"现金（日丰管业）",13952279290,"戴春举","李勇","阀芯"]
[]
[null,null,"五金收料统计日报表"]
[null,null,"日期： 2019    年    5  月  8  日                             填表人： 梅瑞雪"]
[null,null,"单位：大力神管桩有限公司"]
[null,"入库单号","品名","规格","数量","单位","单价","金额","供应商名称","联系方式","采购员","检验员","备注"]
[null,"WIN0050423","盖板",null,80,"块",19,1520,"现金供应商",null,"戴春举","周淼","50*0.8"]
[null,"WIN0050424","遮阳黑网",null,1,"张",390,390,"现金供应商",null,"戴春举","胡赛廷","12米*50米"]
[null,"WIN0050425","短皮手套",null,3000,"个",3.78,11340,"顺鑫龙劳保",null,"戴春举","胡赛廷"]
[null,null,"口罩",null,3000,"个",0.25,750,null,null,"戴春举","胡赛廷","鸿昌牌"]